[Event "Superettan(Upsala-Skara)"]
[Site "?"]
[Date "2023.10.14"]
[Round "2"]
[White "Wagner, Stephan"]
[Black "Ronneland, Daniel"]
[Result "0-1"]
[WhiteElo "2276"]
[BlackElo "2217"]
[PlyCount "108"]
[SourceVersionDate "2023.11.03"]

1. c4 b6 2. d4 Bb7 3. Nc3 e6 4. a3 Nf6 5. d5 exd5 6. cxd5 Qe7 7. Qd3 g6 8. g3
Bg7 9. Bg2 d6 10. Nf3 O-O 11. Be3 Nbd7 12. Rd1 a5 13. Qc2 Nc5 14. h3 Rfe8 15.
O-O Nfe4 16. Nxe4 Qxe4 17. Qc1 a4 18. Nd4 Qe7 19. Rfe1 h5 20. Nb5 Qd7 21. Nc3
Nb3 22. Qc2 Rxe3 23. fxe3 Bh6 24. Kh2 h4 25. gxh4 Bxe3 26. Ne4 Qe7 27. Qc3 Bf4+
28. Kh1 Be5 29. Qf3 Qxh4 30. Nc3 Nd2 31. Qg4 Qxg4 32. hxg4 Nc4 33. Rb1 Kg7 34.
Bf3 Nxb2 35. Rec1 Nc4 36. Nb5 Nd2 37. Nxc7 Rh8+ 38. Kg2 Nxb1 39. Rxb1 Rc8 40.
Nb5 Rc5 41. Na7 Bxd5 42. Bxd5 Rxd5 43. Rxb6 Rd4 44. Nb5 Rxg4+ 45. Kf3 Rg3+ 46.
Ke4 Rb3 47. Kd5 g5 48. Kc4 g4 49. Ra6 g3 50. Nxd6 Bxd6 51. Rxd6 g2 52. Rd1 Rxa3
53. Rg1 Rg3 54. e3 a3 0-1

[Event "Superettan(Lulea-Kristallen)"]
[Site "?"]
[Date "2023.10.14"]
[Round "2"]
[White "Walinder, Lars"]
[Black "Varga, Zoltan"]
[Result "0-1"]
[WhiteElo "2258"]
[BlackElo "2368"]
[PlyCount "76"]
[SourceVersionDate "2023.11.03"]

1. c4 e5 2. Nc3 Bb4 3. Qc2 Nf6 4. Nf3 Nc6 5. e3 O-O 6. Nd5 Bd6 7. Ng5 g6 8.
Nxf6+ Qxf6 9. Ne4 Qf5 10. a3 Be7 11. Be2 b6 12. d3 Bb7 13. Bd2 Nd8 14. h4 Qe6
15. Rh2 d5 16. Ng5 Qd7 17. O-O-O f6 18. Nh3 Ne6 19. f4 Bd6 20. g3 d4 21. e4 Bc6
22. Rf1 Nc5 23. b3 exf4 24. gxf4 Rfe8 25. h5 Rxe4 26. Bf3 Re7 27. Bxc6 Qxc6 28.
b4 Ne6 29. hxg6 hxg6 30. Rg1 Rg7 31. Qd1 Kf7 32. Rhg2 Rh8 33. Qg4 f5 34. Qg3 g5
35. b5 Qb7 36. Qe1 Rxh3 37. fxg5 Qf3 38. g6+ Kf6 0-1

[Event "Superettan(Farsta-Rockaden,Sthlm II)"]
[Site "?"]
[Date "2023.10.14"]
[Round "2"]
[White "Ong, Kezli"]
[Black "Zadruzny, Nicolaj"]
[Result "0-1"]
[WhiteElo "2278"]
[BlackElo "2189"]
[PlyCount "78"]
[SourceVersionDate "2023.11.04"]

1. e4 e5 2. Nf3 Nc6 3. Bc4 Bc5 4. d3 Nf6 5. O-O d6 6. c3 a6 7. Bb3 Ba7 8. Nbd2
O-O 9. h3 h6 10. Re1 Re8 11. Nf1 Be6 12. Bc2 d5 13. Qe2 d4 14. Ng3 Bc5 15. Nh4
Bf8 16. Nhf5 Kh8 17. f4 exf4 18. Bxf4 Qd7 19. Kh1 dxc3 20. bxc3 b5 21. d4 Ne7
22. Nxe7 Rxe7 23. e5 Nd5 24. Bg5 Ree8 25. Qe4 f5 26. exf6 Nxf6 27. Bxf6 gxf6
28. Qf3 Qf7 29. Nh5 f5 30. Nf4 Bxa2 31. d5 Rxe1+ 32. Rxe1 Re8 33. Rxe8 Qxe8 34.
Ne6 Qf7 35. Bxf5 Bd6 36. Qf2 Qf6 37. Qf3 Qe5 38. Kg1 Qe1+ 39. Qf1 Bh2+ 0-1

[Event "Superettan(Upsala-Skara)"]
[Site "?"]
[Date "2023.10.14"]
[Round "2"]
[White "Jacobson, Erik"]
[Black "Bernhard, Jonathan"]
[Result "1-0"]
[WhiteElo "2179"]
[BlackElo "2058"]
[PlyCount "73"]
[SourceVersionDate "2023.11.03"]

1. e4 Nc6 2. Nf3 e5 3. Bb5 Nf6 4. d3 Bc5 5. c3 d6 6. h3 O-O 7. O-O h6 8. d4 Bb6
9. Re1 Bd7 10. a4 a6 11. Bf1 Re8 12. a5 Ba7 13. d5 Ne7 14. Be3 Ng6 15. Bxa7
Rxa7 16. g3 Qc8 17. Kh2 Ra8 18. Nbd2 Qb8 19. Qc2 Qa7 20. Nc4 Nh7 21. Ne3 Ng5
22. Nxg5 hxg5 23. b4 f6 24. Be2 Kf7 25. Bg4 Rad8 26. c4 Rh8 27. Kg2 Qb8 28. c5
Qc8 29. Rac1 Rxh3 30. Nf5 Nf4+ 31. gxf4 Rh4 32. Nxh4 Bxg4 33. Nf5 g6 34. cxd6
gxf5 35. Qxc7+ Qxc7 36. dxc7 Rc8 37. f3 1-0

[Event "Superettan(Lulea-Kristallen)"]
[Site "?"]
[Date "2023.10.14"]
[Round "2"]
[White "Hovhannisyan, Hrayr"]
[Black "Andersson, Goran L"]
[Result "1-0"]
[WhiteElo "2199"]
[BlackElo "2200"]
[PlyCount "89"]
[SourceVersionDate "2023.11.03"]

1. d4 Nf6 2. c4 e6 3. Nf3 d5 4. g3 Be7 5. Bg2 O-O 6. O-O dxc4 7. Qc2 a6 8. a4
Bd7 9. Qxc4 Bc6 10. Bg5 a5 11. Nc3 Bxf3 12. Bxf3 c6 13. e4 Na6 14. Rad1 Nd7 15.
Be3 Bg5 16. e5 Be7 17. Qe2 Nb4 18. Be4 f5 19. exf6 Nxf6 20. Bg2 Re8 21. Bg5 Bd6
22. Bh3 h6 23. Bc1 Qe7 24. Rfe1 Kf7 25. Qf3 Qc7 26. Re2 Re7 27. Rde1 Rae8 28.
Bg4 Qd8 29. Ne4 Nbd5 30. Bd2 Bb4 31. Bxb4 axb4 32. Nc5 Nc7 33. Nxb7 Qxd4 34.
Re4 Qd5 35. Rd1 Qa2 36. Nd6+ Kg8 37. Nxe8 Rxe8 38. Rxb4 Ncd5 39. Rb7 Qxa4 40.
Bh3 e5 41. Qb3 Qa8 42. Bd7 Nxd7 43. Rxd7 e4 44. R1xd5 cxd5 45. Qc3 1-0

[Event "Superettan(Farsta-Rockaden,Sthlm II)"]
[Site "?"]
[Date "2023.10.14"]
[Round "2"]
[White "Bryntze, Stefan"]
[Black "Lagerborg, Krister"]
[Result "1/2-1/2"]
[WhiteElo "2236"]
[BlackElo "2111"]
[PlyCount "48"]
[SourceVersionDate "2023.11.04"]

1. f4 Nf6 2. Nf3 g6 3. b3 Bg7 4. Bb2 O-O 5. e3 c5 6. Be2 Nc6 7. O-O d5 8. Bb5
Bd7 9. Bxc6 Bxc6 10. Ne5 Rc8 11. d3 Nd7 12. Nxc6 Rxc6 13. Bxg7 Kxg7 14. Qe1 e6
15. Nd2 Re8 16. e4 f5 17. Nf3 Rc8 18. Qc3+ d4 19. Qd2 Nf6 20. Rae1 fxe4 21.
dxe4 Ng4 22. c3 Ne3 23. Rf2 Ng4 24. Rff1 Ne3 1/2-1/2

[Event "Superettan(Upsala-Skara)"]
[Site "?"]
[Date "2023.10.14"]
[Round "2"]
[White "Styf, Josef"]
[Black "Nygren, Kim"]
[Result "1/2-1/2"]
[WhiteElo "2020"]
[BlackElo "2171"]
[PlyCount "80"]
[SourceVersionDate "2023.11.03"]

1. d4 Nf6 2. g3 e6 3. Bg2 d5 4. c4 dxc4 5. Nf3 c5 6. O-O Nc6 7. Qa4 Bd7 8. Qxc4
b5 9. Qd3 c4 10. Qd1 Rc8 11. Bg5 Qb6 12. Bxf6 gxf6 13. d5 Nb4 14. Nc3 e5 15. a3
Na6 16. a4 b4 17. a5 Qb8 18. Ne4 Bg7 19. Rb1 O-O 20. Nh4 Qc7 21. e3 f5 22. d6
Qd8 23. Qh5 fxe4 24. Bxe4 h6 25. Nf5 Nc5 26. Ne7+ Kh8 27. Bd5 Be6 28. Bxe6 Nxe6
29. Nxc8 Qxc8 30. h4 Qd7 31. Rbc1 Qxd6 32. Rxc4 f5 33. Rfc1 f4 34. Qg6 fxe3 35.
fxe3 Rf6 36. Rc8+ Nf8 37. Qe4 Qd7 38. g4 Rd6 39. Qf5 Rd1+ 40. Kg2 Qd2+ 1/2-1/2

[Event "Superettan(Lulea-Kristallen)"]
[Site "?"]
[Date "2023.10.14"]
[Round "2"]
[White "Dingertz, Erik"]
[Black "Marklund, Niklas"]
[Result "1-0"]
[WhiteElo "2140"]
[BlackElo "2168"]
[PlyCount "108"]
[SourceVersionDate "2023.11.03"]

1. d4 Nf6 2. c4 g6 3. g3 Bg7 4. Bg2 d5 5. Nf3 O-O 6. O-O dxc4 7. Na3 c3 8. bxc3
c5 9. Ne5 Nbd7 10. Nac4 Nxe5 11. Nxe5 Qa5 12. Be3 Ng4 13. Nxg4 Bxg4 14. dxc5
Qa6 15. Qb3 Rab8 16. Rfd1 Bf6 17. Bf4 e5 18. Bh6 Bg7 19. Bxg7 Kxg7 20. Qd5 Qf6
21. Qe4 Bf5 22. Qa4 a6 23. Rd6 Qe7 24. Rad1 Rfc8 25. c6 bxc6 26. Rxc6 Be6 27.
Qxa6 Rxc6 28. Bxc6 Qc5 29. Bf3 Qxc3 30. a4 Qc2 31. Qd6 Qxa4 32. Qxe5+ Kh6 33.
Qxb8 Qxd1+ 34. Kg2 Kg7 35. Qe5+ Kg8 36. h4 h5 37. Qg5 Kh7 38. Qe5 Kg8 39. Qe3
Kg7 40. Qg5 Kh7 41. Qf4 Qd7 42. Be4 Qd1 43. Qe5 Qd7 44. Qxh5+ Kg8 45. Qe5 Bh3+
46. Kh2 Bg4 47. Bd3 Qa7 48. Qf6 Qd7 49. Bc4 Kf8 50. Qh8+ Ke7 51. Qg7 Ke8 52.
Qg8+ Ke7 53. Qxf7+ Kd8 54. Qxd7+ Kxd7 1-0

[Event "Superettan(Farsta-Rockaden,Sthlm II)"]
[Site "?"]
[Date "2023.10.14"]
[Round "2"]
[White "Wisdahl, Peter"]
[Black "Nikolic, Vladan"]
[Result "1/2-1/2"]
[WhiteElo "1930"]
[BlackElo "2210"]
[PlyCount "70"]
[SourceVersionDate "2023.11.04"]

1. Nf3 Nf6 2. c4 c5 3. g3 Nc6 4. Bg2 d5 5. cxd5 Nxd5 6. Nc3 Nxc3 7. bxc3 e5 8.
d3 Be7 9. O-O O-O 10. Qb3 Qc7 11. Rb1 Rb8 12. Rd1 b5 13. Qc2 Be6 14. d4 cxd4
15. cxd4 Bc4 16. Nxe5 Nxd4 17. Rxd4 Qxe5 18. e3 Bf6 19. a4 Qc7 20. Rf4 Qd8 21.
Be4 g6 22. Ba3 Be5 23. Rd1 Qb6 24. Bxf8 Bxf4 25. gxf4 Rxf8 26. axb5 Bxb5 27. h4
Qe6 28. f5 Qf6 29. fxg6 hxg6 30. Rd5 Bc6 31. Rg5 Bxe4 32. Qxe4 Rd8 33. Ra5 Rd2
34. Qf4 Rd1+ 35. Kg2 Qxf4 1/2-1/2

[Event "Superettan(Upsala-Skara)"]
[Site "?"]
[Date "2023.10.14"]
[Round "2"]
[White "Eklund, Lars-Goran"]
[Black "Fallman, Micael"]
[Result "1/2-1/2"]
[WhiteElo "2168"]
[BlackElo "1961"]
[PlyCount "75"]
[SourceVersionDate "2023.11.03"]

1. Nf3 d5 2. d4 Nf6 3. c4 e6 4. Nc3 Be7 5. Bg5 O-O 6. e3 h6 7. Bh4 Ne4 8. Bxe7
Qxe7 9. Rc1 c6 10. Be2 Nxc3 11. Rxc3 Nd7 12. O-O dxc4 13. Rxc4 e5 14. dxe5 Nxe5
15. Re4 Nxf3+ 16. Bxf3 Qc7 17. b4 Be6 18. a3 a5 19. Qc1 Bd5 20. Rg4 Bxf3 21.
gxf3 axb4 22. axb4 f5 23. Rd4 Rad8 24. Rfd1 Rxd4 25. Rxd4 Rd8 26. Qc4+ Kh8 27.
Rxd8+ Qxd8 28. Qf7 Qc8 29. Kf1 b6 30. e4 fxe4 31. fxe4 Qh3+ 32. Ke2 Qc3 33.
Qf8+ Kh7 34. Qf5+ Kg8 35. Qe6+ Kh7 36. Qf5+ Kg8 37. Qc8+ Kh7 38. Qf5+ 1/2-1/2

[Event "Superettan(Lulea-Kristallen)"]
[Site "?"]
[Date "2023.10.14"]
[Round "2"]
[White "Liden, Tommy"]
[Black "Ljung, Harald"]
[Result "0-1"]
[WhiteElo "2095"]
[BlackElo "2164"]
[PlyCount "68"]
[SourceVersionDate "2023.11.03"]

1. e4 c5 2. Nf3 Nc6 3. Bb5 g6 4. Bxc6 dxc6 5. d3 Bg7 6. h3 Nf6 7. Nc3 O-O 8.
Bf4 Nh5 9. Bh2 Re8 10. e5 Bh8 11. Qd2 f5 12. O-O-O b5 13. Rdg1 Rf8 14. g4 fxg4
15. hxg4 Bxg4 16. Rxg4 Rxf3 17. Qg5 Bg7 18. e6 b4 19. Ne4 Rf5 20. Qe3 Qd5 21.
Kb1 Qxe6 22. f4 Raf8 23. Qh3 Qd5 24. Bg1 Rxf4 25. Rxf4 Rxf4 26. Bxc5 Qe5 27. c3
bxc3 28. bxc3 Rxe4 29. dxe4 Qxc5 30. Qe6+ Kf8 31. Rd1 Bf6 32. Rd8+ Kg7 33. Rg8+
Kh6 34. Ra8 Qxc3 0-1

[Event "Superettan(Farsta-Rockaden,Sthlm II)"]
[Site "?"]
[Date "2023.10.14"]
[Round "2"]
[White "Svorono, Gabriel"]
[Black "Ong, Kevin"]
[Result "1-0"]
[WhiteElo "2056"]
[BlackElo "1994"]
[PlyCount "81"]
[SourceVersionDate "2023.11.04"]

1. d4 d5 2. c4 dxc4 3. Nf3 a6 4. e3 Nf6 5. Bxc4 e6 6. O-O c5 7. Qe2 b5 8. Bb3
Bb7 9. a4 Nbd7 10. Rd1 Qb6 11. Nc3 b4 12. a5 Qc7 13. Nb1 Rc8 14. Nbd2 cxd4 15.
exd4 Be7 16. Nc4 Bd5 17. Ncd2 Bxb3 18. Nxb3 Qc2 19. Qxc2 Rxc2 20. Rd2 Rc4 21.
Rd1 Nd5 22. Bg5 f6 23. Rac1 Rxc1 24. Bxc1 Nb8 25. Bd2 Kd7 26. Kf1 Rc8 27. Rb1
Rc4 28. Ke2 Kc6 29. Kd3 Kb5 30. Re1 Rc6 31. Ra1 Nd7 32. g3 Bd6 33. Nh4 Bc7 34.
Ng2 Nf8 35. Ne3 Nxe3 36. fxe3 Ng6 37. d5 Rd6 38. Nd4+ Kc5 39. Rc1+ Kxd5 40. e4+
Ke5 41. Rc5+ 1-0

[Event "Superettan(Upsala-Skara)"]
[Site "?"]
[Date "2023.10.14"]
[Round "2"]
[White "Mitra, Ashoke"]
[Black "Olsson, Simon"]
[Result "0-1"]
[WhiteElo "1658"]
[BlackElo "2054"]
[PlyCount "46"]
[SourceVersionDate "2023.11.03"]

1. d4 Nf6 2. c4 Nc6 3. e3 e5 4. dxe5 Nxe5 5. Nf3 Nxf3+ 6. Qxf3 d5 7. Qd1 c6 8.
a3 Be6 9. cxd5 Nxd5 10. Be2 Qf6 11. Bf3 O-O-O 12. Qe2 g5 13. Bg4 Bd6 14. Bxe6+
Qxe6 15. Nc3 Nxc3 16. bxc3 Bxh2 17. g3 Bxg3 18. fxg3 Qe5 19. Kf2 Rd6 20. Bb2
Rf6+ 21. Ke1 Qxg3+ 22. Kd1 Rf2 23. Qe1 Qg2 0-1

[Event "Superettan(Lulea-Kristallen)"]
[Site "?"]
[Date "2023.10.14"]
[Round "2"]
[White "Persson, Andreas"]
[Black "Marcussen, Arno"]
[Result "1-0"]
[WhiteElo "2108"]
[BlackElo "2164"]
[PlyCount "109"]
[SourceVersionDate "2023.11.03"]

1. d4 d5 2. Nf3 Nf6 3. g3 c5 4. Bg2 Nc6 5. O-O Bf5 6. c4 e6 7. cxd5 exd5 8. Nc3
h6 9. dxc5 Bxc5 10. a3 O-O 11. b4 Be7 12. e3 Rc8 13. Bb2 a6 14. Rc1 Qd7 15. Ne2
Be4 16. Nf4 g5 17. Nd3 b6 18. h4 Qf5 19. Nde1 Nd7 20. Rxc6 Rxc6 21. Nd4 Qg6 22.
Nxc6 Qxc6 23. Bh3 Bg6 24. Nf3 Rd8 25. Bxd7 Qxd7 26. Ne5 Qe6 27. Nxg6 Qxg6 28.
hxg5 hxg5 29. Qd4 f6 30. Rc1 Qe4 31. Rc7 Qxd4 32. Bxd4 Bd6 33. Rc6 Be5 34. Bxb6
Rd6 35. Rc8+ Kf7 36. Bc5 Re6 37. f4 gxf4 38. gxf4 Bb2 39. a4 f5 40. Kf2 Re4 41.
Rd8 d4 42. Bxd4 Bxd4 43. Rxd4 Re6 44. b5 Rb6 45. Rd5 Ke6 46. Re5+ Kf6 47. Rc5
axb5 48. axb5 Rb8 49. Ke2 Ke6 50. Re5+ Kf6 51. Kd3 Rd8+ 52. Kc4 Rd1 53. Kc5
Rc1+ 54. Kb6 Rc3 55. Kb7 1-0

[Event "Superettan(Farsta-Rockaden,Sthlm II)"]
[Site "?"]
[Date "2023.10.14"]
[Round "2"]
[White "Wieweg, Johnny"]
[Black "Jonsson, Filip"]
[Result "0-1"]
[WhiteElo "2083"]
[BlackElo "2035"]
[PlyCount "48"]
[SourceVersionDate "2023.11.04"]

1. e4 e6 2. d4 d5 3. Nc3 Nf6 4. e5 Nfd7 5. f4 c5 6. Nf3 Nc6 7. Be3 Be7 8. Qd2
O-O 9. Bd3 f6 10. exf6 Bxf6 11. Bf2 cxd4 12. Ne2 e5 13. fxe5 Ndxe5 14. Nxe5
Bxe5 15. O-O Bg4 16. Rae1 Bxe2 17. Rxe2 Qd6 18. g3 a6 19. Rfe1 Qf6 20. b4 b5
21. Rd1 Bd6 22. a3 Ne5 23. Qc1 Rae8 24. Rf1 Nxd3 0-1

[Event "Superettan(Upsala-Skara)"]
[Site "?"]
[Date "2023.10.14"]
[Round "2"]
[White "Danielsson, Fredrik"]
[Black "Nyberg, Per"]
[Result "1-0"]
[WhiteElo "2146"]
[BlackElo "1470"]
[PlyCount "59"]
[SourceVersionDate "2023.11.03"]

1. e4 g6 2. d4 Bg7 3. Nc3 d6 4. Be3 a6 5. Qd2 h6 6. O-O-O e6 7. h4 Ne7 8. h5 g5
9. f4 f6 10. d5 e5 11. fxg5 fxg5 12. Be2 Ng8 13. Nh3 Bf6 14. Nf2 Nd7 15. Bg4
Nf8 16. Rdf1 Bd7 17. Qe2 Qc8 18. Bxd7+ Qxd7 19. Ng4 Nh7 20. Rf5 O-O-O 21. Rhf1
Qe7 22. R1f3 Rf8 23. Qf1 Qd8 24. Ne2 Be7 25. Rxf8 Nxf8 26. Ng3 Nh7 27. Rf7 Nhf6
28. Qf5+ Qd7 29. Nxf6 Nxf6 30. Rxe7 1-0

[Event "Superettan(Lulea-Kristallen)"]
[Site "?"]
[Date "2023.10.14"]
[Round "2"]
[White "Hart, Alexander"]
[Black "Naslund, Mikael"]
[Result "1/2-1/2"]
[WhiteElo "1986"]
[BlackElo "2149"]
[PlyCount "268"]
[SourceVersionDate "2023.11.03"]

1. d4 d5 2. c4 e6 3. Nc3 c5 4. Nf3 Nf6 5. cxd5 exd5 6. Bg5 Be7 7. dxc5 O-O 8.
e3 Bxc5 9. Bxf6 Qxf6 10. Qxd5 Bb4 11. Qd4 Qe7 12. Bd3 Be6 13. Qh4 Qxh4 14. Nxh4
Nc6 15. Nf3 Rfd8 16. Ke2 f6 17. Nb5 Bg4 18. Rhd1 Ne5 19. Be4 Nxf3 20. Bxf3 Be6
21. b3 Rac8 22. Rxd8+ Rxd8 23. Bxb7 Rd2+ 24. Kf1 Bc5 25. Nc7 Bf7 26. Bf3 Bb6
27. Nb5 Bg6 28. Be2 Kf8 29. Na3 Bc7 30. Nc4 Rc2 31. h4 Be4 32. g3 h6 33. Ke1
Ke7 34. Kd1 Bg6 35. h5 Bf5 36. g4 Bh7 37. f3 Rc3 38. Rc1 Rxc1+ 39. Kxc1 Bg8 40.
Nb2 Bd5 41. Kc2 Bc6 42. b4 Bb6 43. Kd2 Bd5 44. a3 Bc7 45. f4 Be4 46. Bd3 Bf3
47. Bf5 Bc6 48. Nd3 a5 49. Kc3 axb4+ 50. axb4 Bb6 51. Nc5 Bd5 52. Kd4 Bf7 53.
Be4 Bb3 54. Bf3 Be6 55. e4 Bb3 56. e5 Be6 57. Be2 fxe5+ 58. fxe5 Bb3 59. Ke4
Bc2+ 60. Bd3 Bd1 61. Kf5 Bc7 62. Be4 Bb8 63. Bd5 Bc2+ 64. Kf4 g5+ 65. hxg6 Bxg6
66. Na6 Ba7 67. Nc5 Bb8 68. Be4 Bf7 69. Bf5 Bc4 70. Nd7 Bc7 71. Nf6 Bb6 72. Ke4
Bf2 73. Nd5+ Ke8 74. Bg6+ Kd7 75. Bf7 Bxd5+ 76. Kxd5 Be1 77. b5 Bf2 78. Ke4 Ke7
79. Bc4 Bb6 80. Kf5 Bd4 81. Bd3 Kf7 82. Be2 Ke7 83. Bf1 Kf7 84. Bc4+ Ke7 85.
Bd5 Be3 86. Ke4 Bc5 87. Bc4 Bf2 88. Bd3 Ke6 89. Be2 Bb6 90. Bc4+ Ke7 91. Kd5
Kd7 92. Bd3 Be3 93. Bf5+ Ke7 94. Kc6 Bf4 95. e6 Kd8 96. b6 Be5 97. Kb7 Bd4 98.
Ka6 Be5 99. Kb7 Bf4 100. Kc6 Be3 101. Kd6 Bf4+ 102. Kd5 Be3 103. Kc6 Bf4 104.
Bd3 Be3 105. Bc4 Bf4 106. Kd5 Be3 107. b7 Ba7 108. Ke5 Ke7 109. Kf5 Bb8 110.
Kg6 Bf4 111. Bb3 Kf8 112. Kf5 Bd6 113. Kg6 Bf4 114. Bc4 Ke7 115. Ba2 Kf8 116.
b8=Q+ Bxb8 117. Kxh6 Bd6 118. Kg6 Be7 119. Bc4 Kg8 120. Bb5 Kf8 121. Bc6 Bb4
122. Bd7 Bc3 123. Kh7 Bd4 124. Bb5 Bf6 125. Bd3 Ke7 126. Bf5 Kf8 127. Kh6 Bc3
128. g5 Bd4 129. Kh7 Bc3 130. Kh6 Bd4 131. Kh5 Bc3 132. Kg4 Ke7 133. Kf3 Bd2
134. g6 Bc3 1/2-1/2

[Event "Superettan(Farsta-Schack 08)"]
[Site "?"]
[Date "2023.10.13"]
[Round "1"]
[White "Lyu, Tianmin"]
[Black "Bjorkeroth, Johan"]
[Result "0-1"]
[WhiteElo "2034"]
[BlackElo "2145"]
[PlyCount "82"]
[SourceVersionDate "2023.10.31"]

1. e4 c6 2. d4 d5 3. e5 c5 4. c3 Nc6 5. Bb5 cxd4 6. Qxd4 e6 7. Ne2 Bd7 8. Bxc6
bxc6 9. f4 c5 10. Qf2 Qc7 11. O-O g6 12. c4 Ne7 13. Nbc3 Bc6 14. cxd5 exd5 15.
Ng3 Nf5 16. Nxf5 gxf5 17. Qe2 Qd7 18. Rd1 Rg8 19. g3 d4 20. Kf2 Rb8 21. a4 Rg6
22. Ra3 a6 23. Qxa6 Bf3 24. Qc4 Rb4 25. Qf1 Bxd1 26. Nxd1 c4 27. a5 Ra4 28.
Rxa4 Qxa4 29. Qe2 Bc5 30. Kf1 Rh6 31. h4 Rg6 32. Kg2 Qb3 33. Qf3 Qxf3+ 34. Kxf3
Bb4 35. Nf2 Bxa5 36. g4 Be1 37. gxf5 Rg1 38. Ne4 Bb4 39. Bd2 Bxd2 40. Nxd2 c3
41. bxc3 dxc3 0-1

[Event "Superettan(Burgsvik-Skara)"]
[Site "?"]
[Date "2023.10.13"]
[Round "1"]
[White "Danielsson, Fredrik"]
[Black "Hakansson, Rustan"]
[Result "0-1"]
[WhiteElo "2146"]
[BlackElo "1911"]
[PlyCount "102"]
[SourceVersionDate "2023.11.03"]

1. e4 c5 2. Nc3 Nc6 3. Bb5 Nd4 4. Nf3 a6 5. Bd3 e6 6. O-O g6 7. Nxd4 cxd4 8.
Ne2 Bg7 9. c3 dxc3 10. dxc3 Ne7 11. Be3 O-O 12. Qb3 Nc6 13. f4 d5 14. Bb6 Qd6
15. e5 Qe7 16. a3 g5 17. g3 gxf4 18. gxf4 f6 19. exf6 Bxf6 20. Rae1 Kh8 21. Ng3
Qd6 22. Nh5 Bd7 23. Qc2 Bh4 24. Re3 Rf7 25. Qe2 Bd8 26. Bxd8 Rxd8 27. Kh1 d4
28. Rg3 dxc3 29. bxc3 Ne7 30. Qe5+ Qxe5 31. fxe5 Rxf1+ 32. Bxf1 Nf5 33. Rg5 h6
34. Rg4 Bc6+ 35. Kg1 Bf3 36. h3 Bxg4 37. hxg4 Ne3 38. Be2 Rd5 39. Bf3 Rxe5 40.
Nf4 Kg7 41. Bxb7 a5 42. Bf3 Kf6 43. Kf2 Nc4 44. a4 Nb2 45. Bc6 Nd1+ 46. Kf3
Re3+ 47. Kg2 Nxc3 48. Kf2 Nd1+ 49. Kg2 Kg5 50. Bf3 Kxf4 51. Bxd1 Rg3+ 0-1

[Event "Superettan(Farsta-Schack 08)"]
[Site "?"]
[Date "2023.10.13"]
[Round "1"]
[White "Wikstrom, Per"]
[Black "Wieweg, Johnny"]
[Result "1/2-1/2"]
[WhiteElo "2150"]
[BlackElo "2083"]
[PlyCount "51"]
[SourceVersionDate "2023.10.31"]

1. d4 Nf6 2. Bf4 g6 3. e3 Bg7 4. Nf3 O-O 5. h3 c5 6. c3 d6 7. Nbd2 Nc6 8. Be2
Be6 9. O-O Qb6 10. Qb1 Rac8 11. Bd3 cxd4 12. exd4 Na5 13. Re1 Bd5 14. Bg5 e6
15. Re2 Rc7 16. Ne1 h6 17. Bf4 Rfc8 18. Nc2 Nc4 19. Nxc4 Bxc4 20. Ne3 Bxd3 21.
Qxd3 Rd7 22. Ng4 Nxg4 23. hxg4 Qc6 24. Qh3 g5 25. Be3 e5 26. Rd2 1/2-1/2

[Event "Superettan(Burgsvik-Skara)"]
[Site "?"]
[Date "2023.10.13"]
[Round "1"]
[White "Andersson, Bjorn"]
[Black "Thorn, Joachim"]
[Result "1-0"]
[WhiteElo "2165"]
[BlackElo "1980"]
[PlyCount "71"]
[SourceVersionDate "2023.11.03"]

1. e4 c5 2. Nf3 Nc6 3. d4 cxd4 4. Nxd4 Nf6 5. Nc3 e5 6. Ndb5 d6 7. Bg5 a6 8.
Na3 b5 9. Nd5 Be7 10. Bxf6 Bxf6 11. c4 Nd4 12. cxb5 Bb7 13. Nc3 O-O 14. bxa6
Bc6 15. Bd3 Rb8 16. Nc4 Bg5 17. O-O Qc7 18. Rb1 Rb4 19. b3 f5 20. a3 Rbb8 21.
Ne3 fxe4 22. Nxe4 Be7 23. Ng3 d5 24. Qh5 h6 25. Nef5 Nxf5 26. Bxf5 Rf6 27. Qg4
Be8 28. b4 Rxa6 29. Be6+ Bf7 30. Nf5 Bg5 31. Rbc1 Rc6 32. Rxc6 Qxc6 33. Qxg5
hxg5 34. Ne7+ Kf8 35. Nxc6 Rb6 36. Bxf7 1-0

[Event "Superettan(Farsta-Schack 08)"]
[Site "?"]
[Date "2023.10.13"]
[Round "1"]
[White "Wisdahl, Peter"]
[Black "Ottenklev, Niclas"]
[Result "1-0"]
[WhiteElo "1930"]
[BlackElo "2143"]
[PlyCount "55"]
[SourceVersionDate "2023.10.31"]

1. Nf3 d5 2. c4 e6 3. b3 Nf6 4. g3 Be7 5. Bg2 O-O 6. O-O c5 7. e3 Nc6 8. Bb2 b6
9. Qe2 Qc7 10. Nc3 a6 11. Rfd1 Bb7 12. cxd5 exd5 13. d4 Rfd8 14. Rac1 Na5 15.
dxc5 bxc5 16. Na4 Bc6 17. Nxc5 Bb5 18. Nd3 Qb7 19. Nd4 Ne4 20. Qg4 Nf6 21. Qf3
Bxd3 22. Rxd3 Bf8 23. Nf5 Ne4 24. Nh6+ gxh6 25. Qg4+ Ng5 26. h4 Rac8 27. Rxc8
Qxc8 28. Qd4 1-0

[Event "Superettan(Rockaden,Sthlm II-Upsala)"]
[Site "?"]
[Date "2023.10.13"]
[Round "1"]
[White "Johansson, Jan"]
[Black "Berovski, Krum"]
[Result "1/2-1/2"]
[WhiteElo "2278"]
[BlackElo "2308"]
[PlyCount "100"]
[SourceVersionDate "2023.11.03"]

1. d4 Nf6 2. Nf3 e6 3. c4 Bb4+ 4. Bd2 a5 5. e3 d5 6. Nc3 b6 7. Bd3 Bb7 8. O-O
O-O 9. cxd5 exd5 10. Ne5 Nbd7 11. f4 Ne4 12. Nxe4 dxe4 13. Bxb4 axb4 14. Bc4
Qe7 15. Qb3 c5 16. Rad1 cxd4 17. Nxd7 Qxd7 18. Rxd4 Qe7 19. Be2 Rfd8 20. Qxb4
Qxb4 21. Rxb4 Rd2 22. Bc4 Ba6 23. Ra4 Bb7 24. Rxa8+ Bxa8 25. Bb3 Bd5 26. Rc1
Kf8 27. Bxd5 Rxd5 28. Rc2 b5 29. Kf2 Rd1 30. Kg3 Rd3 31. Rc3 Rd2 32. Rb3 Rd5
33. Rb4 f5 34. Rd4 Rc5 35. a3 g6 36. Kh3 Ke7 37. g4 Ke6 38. gxf5+ gxf5 39. Rb4
Kf6 40. Kh4 h6 41. h3 Rd5 42. a4 bxa4 43. Rxa4 Rd3 44. Ra3 Kg6 45. Rc3 Rd2 46.
Rc6+ Kg7 47. Kh5 Rxb2 48. Rg6+ Kf7 49. Rxh6 Rg2 50. h4 Kg7 1/2-1/2

[Event "Superettan(Helsingborg-Lulea)"]
[Site "?"]
[Date "2023.10.13"]
[Round "1"]
[White "Varga, Zoltan"]
[Black "Sylvan, Jacob"]
[Result "1/2-1/2"]
[WhiteElo "2368"]
[BlackElo "2296"]
[PlyCount "47"]
[SourceVersionDate "2023.10.29"]

1. e4 c5 2. Nf3 e6 3. d4 cxd4 4. Nxd4 Nc6 5. Nb5 d6 6. Bf4 e5 7. Be3 Be7 8. c4
Nf6 9. f3 O-O 10. N1c3 a6 11. Na3 Be6 12. Nd5 Bxd5 13. cxd5 Nd4 14. Bxd4 exd4
15. Qxd4 Nd7 16. Be2 Bf6 17. Qb4 Rc8 18. Rd1 Be5 19. g3 f5 20. exf5 Qf6 21. Nc4
Rfe8 22. Nxe5 Rxe5 23. Kf2 Nc5 24. Rhe1 1/2-1/2

[Event "Superettan(Kristallen-SS 4 Springare)"]
[Site "?"]
[Date "2023.10.13"]
[Round "1"]
[White "Galperin, Platon"]
[Black "Lindh, Fredrik"]
[Result "1-0"]
[WhiteElo "2571"]
[BlackElo "2264"]
[PlyCount "77"]
[SourceVersionDate "2023.10.31"]

1. e4 c5 2. Nf3 Nc6 3. Bc4 d6 4. O-O Nf6 5. Re1 e6 6. d4 cxd4 7. Nxd4 Be7 8.
Nxc6 bxc6 9. e5 dxe5 10. Qf3 e4 11. Qg3 Bd6 12. Qh4 Rb8 13. Nc3 Rb4 14. Nxe4
Nxe4 15. Qxe4 O-O 16. b3 c5 17. Bb2 Qg5 18. Rad1 Bxh2+ 19. Kf1 Bb7 20. Bc1 Qh5
21. Qe2 Qg6 22. g3 Qf5 23. Qe5 Qh3+ 24. Ke2 Qg4+ 25. Kd3 Qf3+ 26. Be3 Bd5 27.
Qf4 Rd8 28. Kc3 Qh5 29. Qg5 Qxg5 30. Bxg5 f6 31. Be3 Rbb8 32. Bxd5 exd5 33.
Bxc5 Rbc8 34. b4 a5 35. a3 axb4+ 36. axb4 Re8 37. Rh1 Bxg3 38. fxg3 Re3+ 39.
Rd3 1-0

[Event "Superettan(Rockaden,Sthlm II-Upsala)"]
[Site "?"]
[Date "2023.10.13"]
[Round "1"]
[White "Crevatin, Leo"]
[Black "Wagner, Stephan"]
[Result "0-1"]
[WhiteElo "2292"]
[BlackElo "2276"]
[PlyCount "52"]
[SourceVersionDate "2023.11.03"]

1. d4 Nf6 2. c4 e6 3. Nc3 Bb4 4. f3 d5 5. a3 Bxc3+ 6. bxc3 O-O 7. cxd5 exd5 8.
e3 Bf5 9. Ne2 Nbd7 10. g4 Be6 11. Ng3 c5 12. Bd3 Qc7 13. O-O cxd4 14. cxd4 Nb6
15. g5 Ne8 16. Rf2 f5 17. gxf6 Nxf6 18. Raa2 Nc4 19. a4 Rac8 20. Rac2 Qd7 21.
Bxc4 dxc4 22. e4 Qxa4 23. d5 Bh3 24. e5 Nd7 25. Qd4 Rxf3 26. Nh5 Qxc2 0-1